| Tag |
First Indicator |
Second Indicator |
Subfields |
| LEADER |
00000cam a2200000 a 4500 |
| 001 |
in00000954591 |
| 005 |
20150927074916.0 |
| 007 |
hd afv|||baca |
| 008 |
860320s1698 miu a 00010 eng d |
| 035 |
|
|
|a (OCoLC)13319996
|
| 035 |
|
|
|9 AEV5008AM
|
| 037 |
|
|
|a CL0037000012
|b UMI
|
| 037 |
|
|
|b University Microfilms International, 300 N. Zeeb Rd., Ann Arbor, MI 48106
|
| 040 |
|
|
|a EAA
|c EAA
|d m/c
|d UMI
|d UtOrBLW
|
| 043 |
|
|
|a e-uk-wl
|
| 049 |
|
|
|a TXAI
|
| 099 |
|
|
|a film
|a B
|a 3609
|
| 100 |
1 |
|
|a Waller, William,
|c Gent.
|
| 245 |
1 |
3 |
|a An essay on the value of the mines, late of Sir Carbery Price /
|c by William Waller, Gent ...
|
| 264 |
|
1 |
|a London :
|b [publisher not identified],
|c 1698.
|
| 300 |
|
|
|a 24 unnumbered pages, 55 pages
|
| 336 |
|
|
|a text
|b txt
|2 rdacontent
|
| 337 |
|
|
|a microform
|b h
|2 rdamedia
|
| 338 |
|
|
|a microfilm reel
|b hd
|2 rdacarrier
|
| 500 |
|
|
|a Two folded ill. inserted between page [24] and 1, 10 and 11.
|
| 500 |
|
|
|a Reproduction of original in British Library.
|
| 510 |
4 |
|
|a Wing
|c W552A
|
| 533 |
|
|
|a Microfilm.
|b Ann Arbor, Mich. :
|c University Microfilms,
|d 1972.
|e 1 microfilm reel ; 35 mm.
|f (Early English books, 1641-1700 ; 442:5)
|
| 500 |
|
|
|a Microform.
|
| 650 |
|
0 |
|a Copper mines and mining
|z England
|z Cardiganshire.
|
| 650 |
|
0 |
|a Lead mines and mining
|z England
|z Cardiganshire.
|
| 650 |
|
0 |
|a Silver mines and mining
|z England
|z Cardiganshire.
|
| 650 |
|
0 |
|a Copper mines and mining
|x Early works to 1800.
|
| 650 |
|
0 |
|a Lead mines and mining
|x Early works to 1800.
|
| 650 |
|
0 |
|a Silver mines and mining
|x Early works to 1800.
|
| 700 |
1 |
|
|a Pryse, Carbery,
|c Sir,
|d -1695.
|
| 830 |
|
0 |
|a Early English books, 1641-1700 ;
|v 442:5.
|
| 999 |
|
|
|a MARS
|
| 999 |
f |
f |
|s 618c015b-64de-3440-b600-b85693babb60
|i 60a4012c-0326-3841-97b8-1a30e23ddeec
|t 0
|
| 952 |
f |
f |
|p default
|a Texas A&M University
|b College Station
|c Sterling C. Evans Library
|d Evans: Microforms (3rd floor)
|t 0
|e film B 3609 442:5
|h Other scheme
|i microform -- microfilm reel
|
| 998 |
f |
f |
|a film B 3609 442:5
|t 0
|l Evans: Microforms (3rd floor)
|